[Event "DEM U14 2025"]
[Site "Willingen GER"]
[Date "2025.06.11"]
[Round "5"]
[White "Sepe, Giovanni Paolo"]
[Black "Vranckx, Oscar"]
[Result "0-1"]
[Termination "normal"]
[Board "5"]
[WhiteElo "2101"]
[BlackElo "2018"]
[WhiteClock "00:03:56"]
[BlackClock "01:30:24"]
[PlyCount "154"]
[WhiteFideId "34631909"]
[BlackFideId "34608788"]
[EventCountry "GER"]
[EventRounds "9"]
[EventType "swiss"]
[EventDate "2025.06.07"]

1. e4 {[%clk 01:30:57]} {[%emt 00:00:02]} e6 {[%clk 01:30:42]} {[%emt
00:00:19]} 2. d4 {[%clk 01:30:46]} {[%emt 00:00:40]} d5 {[%clk 01:31:05]}
{[%emt 00:00:08]} 3. Nc3 {[%clk 01:30:54]} {[%emt 00:00:21]} Nf6 {[%clk
01:31:22]} {[%emt 00:00:13]} 4. e5 {[%clk 01:28:41]} {[%emt 00:02:43]} Nfd7
{[%clk 01:31:44]} {[%emt 00:00:09]} 5. f4 {[%clk 01:28:24]} {[%emt 00:00:47]}
c5 {[%clk 01:32:01]} {[%emt 00:00:12]} 6. Nf3 {[%clk 01:28:44]} {[%emt
00:00:10]} Nc6 {[%clk 01:32:18]} {[%emt 00:00:13]} 7. Be3 {[%clk 01:28:09]}
{[%emt 00:01:06]} Be7 {[%clk 01:32:38]} {[%emt 00:00:10]} 8. Qd2 {[%clk
01:26:13]} {[%emt 00:02:25]} a6 {[%clk 01:32:59]} {[%emt 00:00:09]} 9. Be2
{[%clk 01:25:55]} {[%emt 00:00:48]} b5 {[%clk 01:33:19]} {[%emt 00:00:10]} 10.
O-O {[%clk 01:18:05]} {[%emt 00:08:20]} O-O {[%clk 01:30:41]} {[%emt 00:03:08]}
11. Nd1 {[%clk 01:08:48]} {[%emt 00:09:47]} b4 {[%clk 01:27:41]} {[%emt
00:03:30]} 12. Nf2 {[%clk 01:04:23]} {[%emt 00:04:55]} a5 {[%clk 01:22:18]}
{[%emt 00:05:54]} 13. Nd3 {[%clk 01:00:19]} {[%emt 00:04:33]} cxd4 {[%clk
01:20:22]} {[%emt 00:02:27]} 14. Nxd4 {[%clk 00:59:40]} {[%emt 00:01:09]} Nxd4
{[%clk 01:20:32]} {[%emt 00:00:19]} 15. Bxd4 {[%clk 01:00:06]} {[%emt
00:00:05]} f5 {[%clk 01:18:27]} {[%emt 00:02:34]} 16. exf6 {[%clk 00:51:27]}
{[%emt 00:09:09]} Nxf6 {[%clk 01:18:20]} {[%emt 00:00:37]} 17. Qe3 {[%clk
00:49:14]} {[%emt 00:02:44]} Ne4 {[%clk 01:16:25]} {[%emt 00:02:24]} 18. Ne5
{[%clk 00:32:03]} {[%emt 00:17:41]} Qc7 {[%clk 01:13:28]} {[%emt 00:03:28]} 19.
Bd3 {[%clk 00:31:15]} {[%emt 00:01:17]} Bb7 {[%clk 01:10:26]} {[%emt 00:03:32]}
20. Qh3 {[%clk 00:27:59]} {[%emt 00:03:46]} Rf5 {[%clk 01:06:27]} {[%emt
00:04:29]} 21. Kh1 {[%clk 00:19:21]} {[%emt 00:09:08]} Bc5 {[%clk 01:06:19]}
{[%emt 00:00:39]} 22. Nf3 {[%clk 00:16:05]} {[%emt 00:03:45]} h6 {[%clk
00:58:11]} {[%emt 00:08:38]} 23. g4 {[%clk 00:12:33]} {[%emt 00:04:02]} Rxf4
{[%clk 00:57:58]} {[%emt 00:00:43]} 24. Be5 {[%clk 00:11:38]} {[%emt 00:01:24]}
Rxf3 {[%clk 00:58:20]} {[%emt 00:00:09]} 25. Qxf3 {[%clk 00:12:03]} {[%emt
00:00:06]} Qxe5 {[%clk 00:58:36]} {[%emt 00:00:13]} 26. Qf7+ {[%clk 00:11:25]}
{[%emt 00:01:08]} Kh7 {[%clk 00:58:06]} {[%emt 00:01:00]} 27. Qxb7 {[%clk
00:11:01]} {[%emt 00:00:54]} Ra7 {[%clk 00:58:15]} {[%emt 00:00:22]} 28. Qc6
{[%clk 00:08:24]} {[%emt 00:03:06]} Bd6 {[%clk 00:58:19]} {[%emt 00:00:26]} 29.
Rf2 {[%clk 00:08:33]} {[%emt 00:00:22]} Rf7 {[%clk 00:57:51]} {[%emt 00:00:57]}
30. Raf1 {[%clk 00:07:33]} {[%emt 00:01:30]} Rf3 {[%clk 00:57:26]} {[%emt
00:00:55]} 31. Qxd6 {[%clk 00:01:13]} {[%emt 00:06:50]} Qxd6 {[%clk 00:57:44]}
{[%emt 00:00:13]} 32. Rxf3 {[%clk 00:01:42]} Qe5 {[%clk 00:57:23]} {[%emt
00:00:50]} 33. b3 {[%clk 00:01:19]} {[%emt 00:00:54]} h5 {[%clk 00:57:31]}
{[%emt 00:00:22]} 34. h3 {[%clk 00:01:04]} {[%emt 00:00:44]} Kh6 {[%clk
00:57:48]} {[%emt 00:00:13]} 35. Bxe4 {[%clk 00:00:59]} {[%emt 00:00:37]} Qxe4
{[%clk 00:57:56]} {[%emt 00:00:21]} 36. R1f2 {[%clk 00:01:04]} {[%emt
00:00:25]} hxg4 {[%clk 00:58:07]} {[%emt 00:00:18]} 37. hxg4 {[%clk 00:01:33]}
{[%emt 00:00:02]} Kg5 {[%clk 00:58:31]} {[%emt 00:00:06]} 38. Kh2 {[%clk
00:01:14]} {[%emt 00:00:49]} Qe5+ {[%clk 00:58:48]} {[%emt 00:00:13]} 39. Kg2
{[%clk 00:00:35]} {[%emt 00:01:09]} g6 {[%clk 00:58:39]} {[%emt 00:00:39]} 40.
Kh3 {[%clk 00:00:35]} {[%emt 00:00:30]} Qa1 {[%clk 00:58:53]} {[%emt 00:00:15]}
41. Kg2 {[%clk 00:23:41]} {[%emt 00:07:25]} Qe5 {[%clk 01:26:28]} {[%emt
00:02:55]} 42. Kh3 {[%clk 00:21:23]} {[%emt 00:02:48]} Qe1 {[%clk 01:26:48]}
{[%emt 00:00:09]} 43. Kg2 {[%clk 00:20:17]} {[%emt 00:01:37]} e5 {[%clk
01:27:04]} {[%emt 00:00:13]} 44. Rd3 {[%clk 00:13:30]} {[%emt 00:07:18]} Qe4+
{[%clk 01:27:03]} {[%emt 00:00:31]} 45. Kh2 {[%clk 00:10:37]} {[%emt 00:03:23]}
d4 {[%clk 01:26:56]} {[%emt 00:00:36]} 46. Rfd2 {[%clk 00:10:02]} {[%emt
00:01:06]} Qf4+ {[%clk 01:26:37]} {[%emt 00:00:49]} 47. Kg1 {[%clk 00:09:57]}
{[%emt 00:00:35]} Qe4 {[%clk 01:26:44]} {[%emt 00:00:23]} 48. Kh2 {[%clk
00:09:05]} {[%emt 00:01:22]} Qe1 {[%clk 01:26:58]} {[%emt 00:00:15]} 49. Kg2
{[%clk 00:07:36]} {[%emt 00:02:00]} Kxg4 {[%clk 01:27:08]} {[%emt 00:00:20]}
50. Rf2 {[%clk 00:06:50]} {[%emt 00:01:16]} g5 {[%clk 01:26:28]} {[%emt
00:01:09]} 51. Rg3+ {[%clk 00:03:41]} {[%emt 00:03:40]} Kh5 {[%clk 01:26:51]}
{[%emt 00:00:07]} 52. Rh3+ {[%clk 00:01:40]} {[%emt 00:02:31]} Kg6 {[%clk
01:27:13]} {[%emt 00:00:08]} 53. Rh8 {[%clk 00:01:19]} {[%emt 00:00:51]} Qe4+
{[%clk 01:27:10]} {[%emt 00:00:33]} 54. Kg3 {[%clk 00:01:23]} {[%emt 00:00:26]}
Qd5 {[%clk 01:26:41]} {[%emt 00:00:59]} 55. Rfh2 {[%clk 00:01:24]} {[%emt
00:00:29]} Qd7 {[%clk 01:25:30]} {[%emt 00:01:41]} 56. Rf2 {[%clk 00:00:39]}
{[%emt 00:01:15]} Kg7 {[%clk 01:24:58]} {[%emt 00:01:01]} 57. Rfh2 {[%clk
00:00:47]} {[%emt 00:00:22]} Kf6 {[%clk 01:25:00]} {[%emt 00:00:28]} 58. R2h7
{[%clk 00:00:50]} {[%emt 00:00:27]} Qb5 {[%clk 01:25:11]} {[%emt 00:00:20]} 59.
Rf8+ {[%clk 00:00:37]} {[%emt 00:00:43]} Ke6 {[%clk 01:25:17]} {[%emt
00:00:23]} 60. Rh6+ {[%clk 00:00:41]} {[%emt 00:00:26]} Kd5 {[%clk 01:25:40]}
{[%emt 00:00:07]} 61. Rd8+ {[%clk 00:00:36]} {[%emt 00:00:36]} Ke4 {[%clk
01:25:59]} {[%emt 00:00:11]} 62. Kf2 {[%clk 00:00:44]} {[%emt 00:00:22]} Qc5
{[%clk 01:25:55]} {[%emt 00:00:33]} 63. Rh2 {[%clk 00:00:42]} {[%emt 00:00:33]}
d3+ {[%clk 01:26:07]} {[%emt 00:00:18]} 64. Kf1 {[%clk 00:00:39]} {[%emt
00:00:33]} dxc2 {[%clk 01:25:50]} {[%emt 00:00:47]} 65. Re2+ {[%clk 00:01:04]}
{[%emt 00:00:05]} Kf3 {[%clk 01:25:59]} {[%emt 00:00:21]} 66. Rd3+ {[%clk
00:01:07]} {[%emt 00:00:27]} Kg4 {[%clk 01:26:24]} {[%emt 00:00:05]} 67. Rg2+
{[%clk 00:00:55]} {[%emt 00:00:41]} Kf5 {[%clk 01:26:41]} {[%emt 00:00:13]} 68.
Rf3+ {[%clk 00:00:52]} {[%emt 00:00:33]} Ke6 {[%clk 01:27:06]} {[%emt
00:00:05]} 69. Rxc2 {[%clk 00:01:06]} {[%emt 00:00:17]} Qxc2 {[%clk 01:27:32]}
{[%emt 00:00:04]} 70. Rf2 {[%clk 00:01:32]} {[%emt 00:00:04]} Qd1+ {[%clk
01:27:56]} {[%emt 00:00:06]} 71. Kg2 {[%clk 00:01:58]} {[%emt 00:00:04]} e4
{[%clk 01:28:23]} {[%emt 00:00:04]} 72. Rf1 {[%clk 00:02:10]} {[%emt 00:00:17]}
Qg4+ {[%clk 01:28:47]} {[%emt 00:00:06]} 73. Kf2 {[%clk 00:02:36]} {[%emt
00:00:04]} Ke5 {[%clk 01:29:12]} {[%emt 00:00:05]} 74. Rg1 {[%clk 00:02:56]}
{[%emt 00:00:10]} e3+ {[%clk 01:29:34]} {[%emt 00:00:08]} 75. Kf1 {[%clk
00:03:10]} {[%emt 00:00:17]} Qf3+ {[%clk 01:30:00]} {[%emt 00:00:04]} 76. Ke1
{[%clk 00:03:35]} {[%emt 00:00:05]} Qf2+ {[%clk 01:30:27]} {[%emt 00:00:02]}
77. Kd1 {[%clk 00:03:56]} {[%emt 00:00:09]} Qd2# {[%clk 01:30:24]} {[%emt
00:00:03]} 0-1

[Event "DEM U14 2025"]
[Site "Willingen GER"]
[Date "2025.06.11"]
[Round "5"]
[White "Sydykov, Bayastan"]
[Black "Shevchenko, Igor"]
[Result "1-0"]
[Termination "normal"]
[Board "6"]
[WhiteTitle "FM"]
[WhiteElo "2301"]
[BlackElo "1882"]
[WhiteClock "00:01:04"]
[BlackClock "00:00:33"]
[PlyCount "69"]
[WhiteFideId "13829610"]
[BlackFideId "34634924"]
[EventCountry "GER"]
[EventRounds "9"]
[EventType "swiss"]
[EventDate "2025.06.07"]

1. e4 {[%clk 01:30:55]} {[%emt 00:00:05]} c6 {[%clk 01:30:46]} {[%emt
00:00:14]} 2. d4 {[%clk 01:31:06]} {[%emt 00:00:19]} d5 {[%clk 01:31:03]}
{[%emt 00:00:12]} 3. exd5 {[%clk 01:31:02]} {[%emt 00:00:34]} cxd5 {[%clk
01:31:28]} {[%emt 00:00:06]} 4. Nf3 {[%clk 01:31:18]} {[%emt 00:00:14]} Nc6
{[%clk 01:30:43]} {[%emt 00:01:15]} 5. c3 {[%clk 01:31:27]} {[%emt 00:00:21]}
Bf5 {[%clk 01:29:41]} {[%emt 00:01:31]} 6. Qb3 {[%clk 01:29:36]} {[%emt
00:02:22]} a6 {[%clk 01:23:06]} {[%emt 00:07:06]} 7. Qxb7 {[%clk 01:22:28]}
{[%emt 00:07:38]} Na5 {[%clk 01:20:48]} {[%emt 00:02:48]} 8. Qb4 {[%clk
01:22:43]} {[%emt 00:00:14]} Bd7 {[%clk 01:07:37]} {[%emt 00:13:41]} 9. Qa3
{[%clk 01:16:41]} {[%emt 00:06:32]} e6 {[%clk 00:57:08]} {[%emt 00:10:59]} 10.
b4 {[%clk 01:17:01]} {[%emt 00:00:10]} Nc4 {[%clk 00:52:12]} {[%emt 00:05:26]}
11. Bxc4 {[%clk 01:05:09]} {[%emt 00:12:22]} dxc4 {[%clk 00:51:57]} {[%emt
00:00:44]} 12. Qb2 {[%clk 01:03:37]} {[%emt 00:02:03]} Bc6 {[%clk 00:46:35]}
{[%emt 00:05:53]} 13. Qe2 {[%clk 00:40:11]} {[%emt 00:23:55]} Bd5 {[%clk
00:41:49]} {[%emt 00:05:16]} 14. a4 {[%clk 00:36:10]} {[%emt 00:04:31]} Bd6
{[%clk 00:36:52]} {[%emt 00:05:26]} 15. Bg5 {[%clk 00:28:48]} {[%emt 00:07:53]}
Nf6 {[%clk 00:28:21]} {[%emt 00:09:01]} 16. Nbd2 {[%clk 00:26:40]} {[%emt
00:02:38]} Qc7 {[%clk 00:25:28]} {[%emt 00:03:23]} 17. O-O {[%clk 00:20:36]}
{[%emt 00:06:35]} O-O {[%clk 00:24:24]} {[%emt 00:01:33]} 18. Rfe1 {[%clk
00:16:59]} {[%emt 00:04:07]} Rfc8 {[%clk 00:15:26]} {[%emt 00:09:28]} 19. Bh4
{[%clk 00:09:57]} {[%emt 00:07:31]} Qb7 {[%clk 00:11:10]} {[%emt 00:04:46]} 20.
Bg3 {[%clk 00:09:20]} {[%emt 00:01:07]} Bf8 {[%clk 00:10:33]} {[%emt 00:01:07]}
21. Rac1 {[%clk 00:07:03]} {[%emt 00:02:48]} Nh5 {[%clk 00:05:48]} {[%emt
00:05:15]} 22. Ne5 {[%clk 00:04:45]} {[%emt 00:02:47]} Nxg3 {[%clk 00:05:58]}
{[%emt 00:00:21]} 23. hxg3 {[%clk 00:04:39]} {[%emt 00:00:35]} Qc7 {[%clk
00:03:58]} {[%emt 00:02:30]} 24. a5 {[%clk 00:04:08]} {[%emt 00:01:02]} Rab8
{[%clk 00:02:52]} {[%emt 00:01:36]} 25. Ng4 {[%clk 00:04:11]} {[%emt 00:00:27]}
Qc6 {[%clk 00:01:19]} {[%emt 00:02:02]} 26. Ne3 {[%clk 00:04:24]} {[%emt
00:00:17]} Rb5 {[%clk 00:00:52]} {[%emt 00:00:58]} 27. Nxd5 {[%clk 00:04:07]}
{[%emt 00:00:48]} Qxd5 {[%clk 00:00:59]} {[%emt 00:00:22]} 28. Ne4 {[%clk
00:03:27]} {[%emt 00:01:10]} Be7 {[%clk 00:00:48]} {[%emt 00:00:41]} 29. Rcd1
{[%clk 00:02:36]} {[%emt 00:01:21]} Qh5 {[%clk 00:00:39]} {[%emt 00:00:39]} 30.
Qxh5 {[%clk 00:02:04]} {[%emt 00:01:02]} Rxh5 {[%clk 00:01:04]} {[%emt
00:00:04]} 31. Nc5 {[%clk 00:02:17]} {[%emt 00:00:17]} Ra8 {[%clk 00:00:54]}
{[%emt 00:00:41]} 32. Nd7 {[%clk 00:01:43]} {[%emt 00:01:05]} Ra7 {[%clk
00:00:37]} {[%emt 00:00:46]} 33. Nb6 {[%clk 00:01:10]} {[%emt 00:01:02]} h6
{[%clk 00:00:33]} {[%emt 00:00:34]} 34. d5 {[%clk 00:00:54]} {[%emt 00:00:47]}
exd5 {[%clk 00:00:33]} {[%emt 00:00:30]} 35. Nc8 {[%clk 00:01:04]} {[%emt
00:00:20]} 1-0

[Event "DEM U14 2025"]
[Site "Willingen GER"]
[Date "2025.06.11"]
[Round "5"]
[White "Rodriguez Klasen, Ennio"]
[Black "Zhang, Yibo"]
[Result "1/2-1/2"]
[Termination "normal"]
[Board "7"]
[WhiteElo "2021"]
[BlackElo "2014"]
[WhiteClock "00:21:58"]
[BlackClock "00:12:53"]
[PlyCount "90"]
[WhiteFideId "16277414"]
[BlackFideId "16287657"]
[EventCountry "GER"]
[EventRounds "9"]
[EventType "swiss"]
[EventDate "2025.06.07"]

1. e4 {[%clk 01:30:51]} {[%emt 00:00:08]} e5 {[%clk 01:30:21]} {[%emt
00:00:29]} 2. Nf3 {[%clk 01:30:50]} {[%emt 00:00:42]} Nc6 {[%clk 01:30:43]}
{[%emt 00:00:08]} 3. Bb5 {[%clk 01:30:59]} {[%emt 00:00:20]} a6 {[%clk
01:31:06]} {[%emt 00:00:07]} 4. Ba4 {[%clk 01:30:58]} {[%emt 00:00:31]} Nf6
{[%clk 01:31:23]} {[%emt 00:00:13]} 5. d4 {[%clk 01:30:40]} {[%emt 00:00:49]}
exd4 {[%clk 01:26:08]} {[%emt 00:05:45]} 6. O-O {[%clk 01:30:53]} {[%emt
00:00:17]} Be7 {[%clk 01:24:45]} {[%emt 00:01:53]} 7. e5 {[%clk 01:30:42]}
{[%emt 00:00:41]} Ne4 {[%clk 01:13:24]} {[%emt 00:11:50]} 8. Nxd4 {[%clk
01:30:10]} {[%emt 00:01:03]} Nxd4 {[%clk 00:56:36]} {[%emt 00:17:18]} 9. Qxd4
{[%clk 01:29:21]} {[%emt 00:01:19]} Nc5 {[%clk 00:57:03]} {[%emt 00:00:03]} 10.
Bb3 {[%clk 01:22:43]} {[%emt 00:07:07]} Nxb3 {[%clk 00:55:12]} {[%emt
00:02:22]} 11. axb3 {[%clk 01:22:40]} {[%emt 00:00:32]} O-O {[%clk 00:54:51]}
{[%emt 00:00:50]} 12. Bf4 {[%clk 01:19:30]} {[%emt 00:03:41]} d6 {[%clk
00:26:08]} {[%emt 00:29:13]} 13. exd6 {[%clk 01:13:12]} {[%emt 00:06:49]} Bxd6
{[%clk 00:24:29]} {[%emt 00:02:09]} 14. Bxd6 {[%clk 01:12:08]} {[%emt
00:01:34]} Qxd6 {[%clk 00:20:23]} {[%emt 00:04:36]} 15. Qxd6 {[%clk 01:11:18]}
{[%emt 00:01:20]} cxd6 {[%clk 00:20:51]} {[%emt 00:00:02]} 16. Rd1 {[%clk
01:00:11]} {[%emt 00:11:36]} Bf5 {[%clk 00:17:56]} {[%emt 00:03:24]} 17. Na3
{[%clk 00:55:09]} {[%emt 00:05:33]} Rfd8 {[%clk 00:14:36]} {[%emt 00:03:51]}
18. Rd2 {[%clk 00:41:57]} {[%emt 00:13:41]} Rac8 {[%clk 00:05:22]} {[%emt
00:09:45]} 19. Rad1 {[%clk 00:34:26]} {[%emt 00:08:00]} Kf8 {[%clk 00:05:09]}
{[%emt 00:00:43]} 20. Nc4 {[%clk 00:24:38]} {[%emt 00:10:19]} Rc6 {[%clk
00:00:32]} {[%emt 00:05:07]} 21. c3 {[%clk 00:09:13]} {[%emt 00:15:55]} Ke7
{[%clk 00:00:39]} {[%emt 00:00:23]} 22. Ne3 {[%clk 00:06:38]} {[%emt 00:03:04]}
Be6 {[%clk 00:01:03]} {[%emt 00:00:07]} 23. Nd5+ {[%clk 00:05:59]} {[%emt
00:01:08]} Bxd5 {[%clk 00:00:57]} {[%emt 00:00:36]} 24. Rxd5 {[%clk 00:06:27]}
{[%emt 00:00:02]} Rc5 {[%clk 00:00:32]} {[%emt 00:00:55]} 25. R5d4 {[%clk
00:04:37]} {[%emt 00:02:20]} Re5 {[%clk 00:00:33]} {[%emt 00:00:30]} 26. Kf1
{[%clk 00:03:34]} {[%emt 00:01:33]} Re6 {[%clk 00:00:50]} {[%emt 00:00:12]} 27.
b4 {[%clk 00:03:01]} {[%emt 00:01:03]} Kd7 {[%clk 00:00:57]} {[%emt 00:00:23]}
28. b3 {[%clk 00:01:20]} {[%emt 00:02:11]} Kc6 {[%clk 00:01:13]} {[%emt
00:00:14]} 29. c4 {[%clk 00:01:19]} {[%emt 00:00:31]} Rde8 {[%clk 00:00:40]}
{[%emt 00:01:03]} 30. g3 {[%clk 00:01:07]} {[%emt 00:00:42]} R8e7 {[%clk
00:00:44]} {[%emt 00:00:27]} 31. Rd5 {[%clk 00:00:38]} {[%emt 00:00:59]} g6
{[%clk 00:00:40]} {[%emt 00:00:33]} 32. h4 {[%clk 00:00:33]} {[%emt 00:00:35]}
h5 {[%clk 00:01:06]} {[%emt 00:00:04]} 33. Kg2 {[%clk 00:00:34]} {[%emt
00:00:29]} Rd7 {[%clk 00:00:38]} {[%emt 00:00:58]} 34. c5 {[%clk 00:00:31]}
{[%emt 00:00:34]} b6 {[%clk 00:00:43]} {[%emt 00:00:25]} 35. cxb6 {[%clk
00:00:45]} {[%emt 00:00:16]} Rb7 {[%clk 00:00:45]} {[%emt 00:00:27]} 36. Ra5
{[%clk 00:00:34]} {[%emt 00:00:41]} Rxb6 {[%clk 00:01:02]} {[%emt 00:00:13]}
37. Rda1 {[%clk 00:00:51]} {[%emt 00:00:14]} Kb7 {[%clk 00:01:09]} {[%emt
00:00:23]} 38. b5 {[%clk 00:00:43]} {[%emt 00:00:38]} axb5 {[%clk 00:01:06]}
{[%emt 00:00:33]} 39. Ra7+ {[%clk 00:01:09]} {[%emt 00:00:03]} Kc6 {[%clk
00:01:24]} {[%emt 00:00:13]} 40. Rxf7 {[%clk 00:01:02]} {[%emt 00:00:37]} Kc5
{[%clk 00:01:31]} {[%emt 00:00:22]} 41. Rf4 {[%clk 00:28:34]} {[%emt 00:02:57]}
Rc6 {[%clk 00:25:57]} {[%emt 00:06:05]} 42. Ra7 {[%clk 00:25:09]} {[%emt
00:03:55]} Kb6 {[%clk 00:22:17]} {[%emt 00:04:10]} 43. Rff7 {[%clk 00:24:58]}
{[%emt 00:00:41]} Kc5 {[%clk 00:21:07]} {[%emt 00:01:40]} 44. Rf4 {[%clk
00:22:07]} {[%emt 00:03:20]} Kb6 {[%clk 00:12:53]} {[%emt 00:08:45]} 45. Rff7
{[%clk 00:21:58]} {[%emt 00:00:39]} Kc5 {[%emt 00:03:32]} 1/2-1/2

[Event "DEM U14 2025"]
[Site "Willingen GER"]
[Date "2025.06.11"]
[Round "5"]
[White "Böhler, Yannic"]
[Black "Dodul, Arthur"]
[Result "0-1"]
[Termination "normal"]
[Board "8"]
[WhiteElo "1711"]
[BlackElo "1926"]
[WhiteClock "00:01:06"]
[BlackClock "00:23:26"]
[PlyCount "80"]
[WhiteFideId "34609059"]
[BlackFideId "34609016"]
[EventCountry "GER"]
[EventRounds "9"]
[EventType "swiss"]
[EventDate "2025.06.07"]

1. c4 {[%clk 01:30:59]} {[%emt 00:00:01]} c6 {[%clk 01:30:50]} {[%emt
00:00:10]} 2. g3 {[%clk 01:31:27]} {[%emt 00:00:02]} g6 {[%clk 01:31:14]}
{[%emt 00:00:06]} 3. Bg2 {[%clk 01:31:49]} {[%emt 00:00:07]} Bg7 {[%clk
01:31:41]} {[%emt 00:00:04]} 4. Nf3 {[%clk 01:31:51]} {[%emt 00:00:27]} Nf6
{[%clk 01:32:06]} {[%emt 00:00:06]} 5. O-O {[%clk 01:32:01]} {[%emt 00:00:20]}
O-O {[%clk 01:32:31]} {[%emt 00:00:04]} 6. d4 {[%clk 01:28:46]} {[%emt
00:03:46]} d5 {[%clk 01:32:51]} {[%emt 00:00:11]} 7. Nbd2 {[%clk 01:23:20]}
{[%emt 00:05:55]} Ne4 {[%clk 01:26:50]} {[%emt 00:06:30]} 8. Qc2 {[%clk
01:11:25]} {[%emt 00:12:25]} Bf5 {[%clk 01:25:51]} {[%emt 00:01:28]} 9. Qb3
{[%clk 01:11:35]} {[%emt 00:00:21]} b6 {[%clk 01:22:35]} {[%emt 00:03:46]} 10.
Ne5 {[%clk 01:03:12]} {[%emt 00:08:53]} Nxd2 {[%clk 01:20:12]} {[%emt
00:02:54]} 11. Bxd2 {[%clk 01:03:34]} {[%emt 00:00:07]} dxc4 {[%clk 01:19:13]}
{[%emt 00:01:29]} 12. Nxc4 {[%clk 01:03:02]} {[%emt 00:01:02]} Be6 {[%clk
01:16:55]} {[%emt 00:02:48]} 13. Qc2 {[%clk 00:58:20]} {[%emt 00:05:11]} Qxd4
{[%clk 01:16:12]} {[%emt 00:01:14]} 14. b3 {[%clk 00:57:36]} {[%emt 00:01:14]}
Bd5 {[%clk 01:08:21]} {[%emt 00:08:21]} 15. e4 {[%clk 00:50:42]} {[%emt
00:07:24]} Bxc4 {[%clk 01:06:34]} {[%emt 00:02:16]} 16. bxc4 {[%clk 00:46:57]}
{[%emt 00:04:15]} Rd8 {[%clk 01:04:53]} {[%emt 00:02:10]} 17. Rad1 {[%clk
00:45:16]} {[%emt 00:02:13]} Na6 {[%clk 01:00:08]} {[%emt 00:05:15]} 18. Be3
{[%clk 00:39:41]} {[%emt 00:06:04]} Qc3 {[%clk 00:58:12]} {[%emt 00:02:27]} 19.
Qa4 {[%clk 00:37:05]} {[%emt 00:03:05]} Nc5 {[%clk 00:55:17]} {[%emt 00:03:25]}
20. Qxc6 {[%clk 00:31:48]} {[%emt 00:05:47]} Rdc8 {[%clk 00:50:01]} {[%emt
00:05:47]} 21. Qb5 {[%clk 00:23:44]} {[%emt 00:08:33]} a6 {[%clk 00:44:39]}
{[%emt 00:05:53]} 22. Qb1 {[%clk 00:22:27]} {[%emt 00:01:46]} Rab8 {[%clk
00:40:49]} {[%emt 00:04:21]} 23. Rc1 {[%clk 00:20:18]} {[%emt 00:02:38]} Qa3
{[%clk 00:39:11]} {[%emt 00:02:07]} 24. Rfd1 {[%clk 00:17:11]} {[%emt
00:03:38]} Na4 {[%clk 00:37:44]} {[%emt 00:01:58]} 25. Qb3 {[%clk 00:16:28]}
{[%emt 00:01:12]} Qxb3 {[%clk 00:36:08]} {[%emt 00:02:05]} 26. axb3 {[%clk
00:16:40]} {[%emt 00:00:19]} Nc3 {[%clk 00:35:30]} {[%emt 00:01:07]} 27. Rd2
{[%clk 00:12:39]} {[%emt 00:04:29]} b5 {[%clk 00:29:11]} {[%emt 00:06:52]} 28.
c5 {[%clk 00:12:53]} {[%emt 00:00:16]} b4 {[%clk 00:27:18]} {[%emt 00:02:23]}
29. f3 {[%clk 00:08:57]} {[%emt 00:04:26]} e5 {[%clk 00:26:09]} {[%emt
00:01:39]} 30. Bf1 {[%clk 00:09:01]} {[%emt 00:00:25]} a5 {[%clk 00:25:18]}
{[%emt 00:01:23]} 31. Rd7 {[%clk 00:07:50]} {[%emt 00:01:40]} Bf8 {[%clk
00:24:11]} {[%emt 00:01:38]} 32. Ra7 {[%clk 00:02:53]} {[%emt 00:05:27]} Bxc5
{[%clk 00:24:21]} {[%emt 00:00:20]} 33. Bxc5 {[%clk 00:03:20]} {[%emt
00:00:02]} Rxc5 {[%clk 00:24:49]} {[%emt 00:00:03]} 34. Ra1 {[%clk 00:00:56]}
{[%emt 00:02:54]} a4 {[%clk 00:24:03]} {[%emt 00:01:16]} 35. R1xa4 {[%clk
00:00:35]} {[%emt 00:00:51]} Nxa4 {[%clk 00:24:24]} {[%emt 00:00:09]} 36. Rxa4
{[%clk 00:01:01]} {[%emt 00:00:03]} Rc3 {[%clk 00:24:36]} {[%emt 00:00:18]} 37.
Bc4 {[%clk 00:01:22]} {[%emt 00:00:09]} Rc2 {[%clk 00:23:21]} {[%emt 00:01:45]}
38. Ra5 {[%clk 00:00:51]} {[%emt 00:01:02]} Rd8 {[%clk 00:23:02]} {[%emt
00:00:49]} 39. Rd5 {[%clk 00:01:11]} {[%emt 00:00:10]} Rxd5 {[%clk 00:23:09]}
{[%emt 00:00:23]} 40. exd5 {[%clk 00:01:06]} {[%emt 00:00:34]} Rxc4 {[%clk
00:23:26]} {[%emt 00:00:12]} 0-1